| 000 | 00796nam a2200253 a 4500 | ||
|---|---|---|---|
| 001 | 60629 | ||
| 003 | BD-RjUL | ||
| 005 | 20211209080850.0 | ||
| 008 | 170102s1971 ilu b 001 0 eng d | ||
| 035 | _a(BD-RjUL)60753 | ||
| 040 |
_aDLC _cDLC _dm.c _beng |
||
| 041 | _aeng | ||
| 082 |
_223 _a355.030973 _bJAP 1971 |
||
| 100 | 1 |
_aJanowitz, Morris _9180606 |
|
| 245 | 1 | 4 |
_aThe professional soldier : _ba social and political portrait / _cMorris Janowitz |
| 260 |
_aGlencoe, Ill : _bFree Press, _cc1971 |
||
| 300 |
_a464 p. ; _c22 cm |
||
| 504 | _aIncludes bibliography | ||
| 650 | 0 |
_aSoldiers _zUnited States. _9180607 |
|
| 650 | 0 |
_aLeadership _9172843 |
|
| 651 | 0 |
_aUnited States _xArmed Forces _xOfficers _9180608 |
|
| 651 | 0 |
_aUnited States _xArmed Forces _xMilitary life _9180609 |
|
| 942 |
_2ddc _cBK |
||
| 999 |
_c60629 _d60629 |
||